Quiero ser: 6° Básico. Manual del alumno
Gespeichert in:
| Körperschaften: | , , |
|---|---|
| Format: | Buch |
| Sprache: | Spanisch |
| Veröffentlicht: |
Santiago, Chile
CONACE
2002
|
| Schriftenreihe: | Programa de Prevención del Consumo de Drogas
|
| Schlagworte: | |
| Tags: |
Tag hinzufügen
Keine Tags, Fügen Sie den ersten Tag hinzu!
|
MARC
| LEADER | 00000nam a2200000 a 4500 | ||
|---|---|---|---|
| 001 | UCM2689 | ||
| 003 | CL-VaPUC | ||
| 005 | 20210422001400.0 | ||
| 008 | 020613e20020200CL |||||||||||||||||spa|d | ||
| 999 | |c 300414 |d 300412 | ||
| 040 | |c Pontificia Universidad Católica de Valparaíso | ||
| 082 | 0 | 4 | |a 362.29 CON 2002 |2 21 |
| 110 | 2 | |a CONACE |9 469424 | |
| 245 | 1 | 0 | |a Quiero ser: 6° Básico. Manual del alumno |
| 260 | 0 | 3 | |a Santiago, Chile |b CONACE |c 2002 |
| 300 | |a 82 páginas | ||
| 490 | 0 | |a Programa de Prevención del Consumo de Drogas | |
| 583 | |a last modification |c 20020613 00:00:00 |k Rodrigo Vera | ||
| 650 | 0 | |a Abuso de drogas |9 254876 | |
| 650 | 0 | |a Problemas sociales |9 258537 | |
| 650 | 7 | |a PREVENCION |2 CL-VaPUC |9 322995 | |
| 650 | 0 | |a Educación básica |9 224933 | |
| 710 | 2 | |a MINEDUC |9 469425 | |
| 710 | 2 | |a Fundación Paz Ciudadana |9 469426 | |
| 942 | |c BK |2 ddc | ||
| 945 | |d 20020613 00:00:00 |a cmena | ||
| 952 | |0 0 |1 0 |2 ddc |4 0 |6 362_290000000000000_CON_2002 |7 0 |8 P |9 358175 |a BIBEDU |b BIBEDU |c BIBEDU_PB |d 2019-11-21 |i 3819191 |o 362.29 CON 2002 |p 3819191 |r 2024-01-25 |t 1 |w 2019-11-21 |y BK |k BME | ||
| 952 | |0 0 |1 0 |2 ddc |4 0 |6 362_290000000000000_CON_2002 |7 0 |8 P |9 358176 |a BIBEDU |b BIBEDU |c BIBEDU_PB |d 2019-11-21 |i 3819205 |o 362.29 CON 2002 |p 3819205 |r 2024-01-25 |t 2 |w 2019-11-21 |y BK |k BME | ||
| 952 | |0 0 |1 0 |2 ddc |4 0 |6 362_290000000000000_CON_2002 |7 0 |8 P |9 358177 |a BIBEDU |b BIBEDU |c BIBEDU_PB |d 2019-11-21 |i 385308K |o 362.29 CON 2002 |p 385308K |r 2024-01-25 |t 3 |w 2019-11-21 |y BK |k EPE | ||
| 952 | |0 0 |1 0 |2 ddc |4 0 |6 362_290000000000000_CON_2002 |7 0 |8 P |9 358178 |a BIBEDU |b BIBEDU |c BIBEDU_PB |d 2019-11-21 |i 3960218 |o 362.29 CON 2002 |p 3960218 |r 2024-01-25 |t 4 |w 2019-11-21 |y BK |k EPE | ||
| 952 | |0 0 |1 0 |2 ddc |4 0 |6 362_290000000000000_CON_2002 |7 0 |8 P |9 358179 |a BIBEDU |b BIBEDU |c BIBEDU_PB |d 2019-11-21 |i 3962601 |o 362.29 CON 2002 |p 3962601 |r 2024-01-25 |t 5 |w 2019-11-21 |y BK |k EBA | ||
| 952 | |0 0 |1 0 |2 ddc |4 0 |6 362_290000000000000_CON_2002 |7 0 |8 P |9 358180 |a BIBEDU |b BIBEDU |c BIBEDU_PB |d 2019-11-21 |i 396261K |o 362.29 CON 2002 |p 396261K |r 2024-01-25 |t 6 |w 2019-11-21 |y BK |k EBA | ||
| 952 | |0 0 |1 0 |2 ddc |4 0 |6 362_290000000000000_CON_2002 |7 0 |8 P |9 358181 |a BIBEDU |b BIBEDU |c BIBEDU_PB |d 2019-11-21 |i 3962628 |o 362.29 CON 2002 |p 3962628 |r 2024-01-25 |t 7 |w 2019-11-21 |y BK |k EBA | ||